Movies Quiz

Random Movies or Lyrics Quiz

Guess the lyrics from Mary Poppins Quiz Stats

 Plays Quiz not verified by Sporcle

Challenge
Share
Tweet
Embed
Score 0/138 Timer 10:00
0 Plays Today
% Correct
and
95.7%
a
95.7%
the
95.7%
the
95.7%
and
95.7%
the
95.7%
the
95.7%
and
95.7%
the
95.7%
and
95.7%
the
95.7%
the
95.7%
and
95.7%
you
74.2%
in
69.6%
in
69.6%
in
69.6%
in
69.6%
we
66.2%
we
66.2%
we
66.2%
to
65.6%
to
65.6%
to
65.6%
of
57.2%
of
57.2%
of
57.2%
so
55.9%
for
54.8%
that
54.8%
for
54.8%
for
54.8%
no
47.5%
We're
47.2%
we're
47.2%
as
46.5%
will
42.1%
us
42.1%
will
42.1%
us
42.1%
our
38.8%
our
38.8%
our
38.8%
well
37.8%
well
37.8%
well
37.8%
% Correct
well
37.8%
from
37.1%
from
37.1%
with
35.1%
they're
32.1%
one
32.1%
off
29.8%
has
29.8%
off
29.8%
sing
28.4%
sing
28.4%
every
28.1%
done
27.8%
done
27.8%
done
27.8%
done
27.8%
they'll
26.8%
never
26.8%
they'll
26.8%
been
26.4%
though
25.4%
sister
24.7%
sister
24.7%
votes
24.1%
adore
24.1%
men
24.1%
adore
24.1%
chorus
24.1%
men
24.1%
adore
24.1%
chorus
24.1%
daughters'
23.4%
daughters
23.4%
suffragette
23.4%
heart
23.4%
more
23.4%
daughters'
23.4%
daughters
23.4%
suffragette
23.4%
into
22.7%
into
22.7%
women's
22.4%
stupid
22.4%
take
22.4%
rather
22.1%
individually
21.7%
% Correct
group
21.7%
soldiers
21.4%
petticoats
21.4%
agree
21.4%
grateful
20.7%
grateful
20.7%
shoulder
20.4%
shoulder
20.4%
shoulder
20.4%
shoulder
20.4%
yesterday
19.7%
yesterday
19.7%
rights
19.4%
again
19.4%
rights
19.4%
cast
19.1%
shackles
19.1%
fighting
19.1%
cast
19.1%
shackles
19.1%
clearly
18.4%
fray
18.4%
fray
18.4%
corner
17.4%
fear
16.7%
crusaders
16.4%
Mrs
16.4%
irons
16.4%
equal
16.1%
land
15.4%
arise
15.1%
dauntless
14.7%
clapped
14.7%
militantly
14.7%
mild
14.4%
hears
14%
meek
14%
cries
13.7%
womankind
13.7%
equality
13.7%
Pankhurst
13.4%
Kensington
13%
restless
13%
political
13%
Billingsgate
12%
subservients
12%

You're not logged in!

Compare scores with friends on all Sporcle quizzes.
OR
Log In

You Might Also Like...

Show Comments

Extras

Top Quizzes Today


Score Distribution

Your Account Isn't Verified!

In order to create a playlist on Sporcle, you need to verify the email address you used during registration. Go to your Sporcle Settings to finish the process.

Report this User

Report this user for behavior that violates our Community Guidelines.

Details: